000 00570cam a22001932 4500
001 0000003356
005 20151217155821.0
008 070503s xx 000 0 eng d
040 _aKABU
_cKABU
050 0 _aJQ2947
_b.A56C6K46
110 2 _aKenya Anti-Corruption Commission.
_@0000160844
245 1 0 _aNational corruption perception survey.
260 _aNairobi :
_bKACC,
_c2006.
300 _a96 p.
651 0 _aKenya
_xCorrupt practices
_xSurveys.
_@0000160845
908 _a070503
950 _@1
999 _c12823
_d12823